Statistics for 都道府県内で最も東大合格者を輩出した高校

Click here to take the quiz!

General Stats

  • This quiz has been taken 142 times
  • The average score is 26 of 47

Answer Stats

都道府県合格者数正解% Correct
兵庫86
94%
東京148開成
92%
鹿児島37ラサール
81%
奈良73西大和
79%
北海道18札幌南
76%
京都13洛南
76%
埼玉36県立浦和
73%
栃木11宇都宮
69%
岐阜13岐阜
69%
秋田秋田
69%
熊本25熊本
69%
千葉74渋谷幕張
68%
滋賀膳所/守山
68%
新潟16新潟
67%
愛知38東海
67%
静岡11静岡
67%
茨城15水戸第一/土浦第一
66%
三重17四日市
65%
長野11長野
64%
神奈川78聖光学院
62%
富山25富山中部
62%
群馬高崎
62%
福島福島
62%
山口10山口
59%
香川12高松
58%
愛媛14愛光
57%
福岡37久留米大附設
56%
岩手盛岡第一
55%
青森八戸
53%
山形山形東
50%
石川23金沢泉丘
50%
和歌山智弁和歌山
47%
高知土佐
45%
大阪16大阪星光学院
45%
鳥取鳥取西
43%
佐賀佐賀西
43%
岡山17岡山朝日
43%
広島12広島学院
42%
大分大分上野丘
40%
長崎青雲
37%
島根松江北
35%
福井藤島
34%
徳島徳島文理/城東/徳島北
33%
宮城仙台二華
33%
沖縄昭和薬科大附属
24%
山梨甲陵/吉田
15%
宮﨑宮﨑大宮
7%

Score Distribution

Percentile by Number Answered

Percent of People with Each Score

Your Score History

You have not taken this quiz